The mobile internet handbook / (Record no. 305289)
[ view plain ]
| 000 -LEADER | |
|---|---|
| fixed length control field | 00527nam a22001697a 4500 |
| 003 - CONTROL NUMBER IDENTIFIER | |
| control field | SISC |
| 005 - DATE AND TIME OF LATEST TRANSACTION | |
| control field | 20161124090100.0 |
| 008 - FIXED-LENGTH DATA ELEMENTS--GENERAL INFORMATION | |
| fixed length control field | 161124b xxu||||| |||| 00| 0 eng d |
| 020 ## - INTERNATIONAL STANDARD BOOK NUMBER | |
| International Standard Book Number | 9781530237500 |
| 050 ## - LIBRARY OF CONGRESS CALL NUMBER | |
| Classification number | TK 5103.4885 |
| Item number | .D925 2016 |
| 100 ## - MAIN ENTRY--PERSONAL NAME | |
| Personal name | Dunphy, Chris. |
| 245 ## - TITLE STATEMENT | |
| Title | The mobile internet handbook / |
| Statement of responsibility, etc | by Chris Dunphy & Cherie Ve Ard with guest author Jack Mayer. |
| 250 ## - EDITION STATEMENT | |
| Edition statement | 2016 U.S. RVers Edition. |
| 300 ## - PHYSICAL DESCRIPTION | |
| Extent | viii, 241 pages : |
| Other physical details | illustrations ; |
| Dimensions | 22 cm. |
| 500 ## - GENERAL NOTE | |
| General note | Includes glossary. |
| 942 ## - ADDED ENTRY ELEMENTS (KOHA) | |
| Source of classification or shelving scheme | Library of Congress Classification |
| Koha item type | Books |
| Withdrawn status | Lost status | Source of classification or shelving scheme | Damaged status | Home library | Current library | Shelving location | Date acquired | Source of acquisition | Total Checkouts | Full call number | Barcode | Date last seen | Price effective from | Koha item type |
|---|---|---|---|---|---|---|---|---|---|---|---|---|---|---|
| Library of Congress Classification | College Library | College Library | Graduate Section | 11/24/2016 | Library Fund | TK 5103.4885 .D925 2016 | C20805 | 05/15/2018 | 11/24/2016 | Books |